| 000 | 00844nam a22002657a 4500 | ||
|---|---|---|---|
| 999 |
_c33270 _d33270 |
||
| 001 | 2383 | ||
| 003 | CO-MdFUSB | ||
| 005 | 20170929104747.0 | ||
| 008 | 170929t1987 sp ||||| |||| 00| 0 spa d | ||
| 020 | _a84-8267-278-9 | ||
| 040 |
_aCO-MdFUSB _bspa _cCO-MdFUSB _dCO-MdFUSBC _erda |
||
| 041 | 0 | _aspa | |
| 082 | 0 | 4 | _aG 224.2 D2731j |
| 100 | 1 |
_aDay, David _eautor |
|
| 245 | 1 | 0 |
_aJeremías _b: Portavoz de Dios en tiempos de crisis _c / David Day ; Elena Flores, Traductor |
| 264 | 4 |
_aBarcelona, España : _bCLIE-Andamio, _c©1987 |
|
| 300 | _a123 Pag | ||
| 336 |
_2rdacontent _atexto _btxt |
||
| 337 |
_2rdamedia _asin mediación _bn |
||
| 338 |
_2rdacarrier _avolumen _bnc |
||
| 500 | _aTítulo original : Jeremiah : Speaking for God in a time of crisis | ||
| 650 | 7 |
_aVocación _9312 |
|
| 653 | _aJeremías (Profeta bíblico) | ||
| 942 | _cBK | ||